Enriching oral and written communication in English / (Record no. 41223)
[ view plain ]
| 000 -LEADER | |
|---|---|
| fixed length control field | 00774nam a22002297a 4500 |
| 005 - DATE AND TIME OF LATEST TRANSACTION | |
| control field | 20100812105356.0 |
| 010 ## - LCCN (DPL NO) | |
| LC control number | ENG-99828 |
| 020 ## - INTERNATIONAL STANDARD BOOK NUMBER | |
| International Standard Book Number | 9788125037446 |
| Terms of availability | 95.00 |
| 035 ## - SYSTEM CONTROL NUMBER | |
| System control number | EN-83360 |
| 037 ## - SOURCE OF ACQUISITION | |
| Source of stock number/acquisition | DBAD/PUB |
| 082 ## - DEWEY DECIMAL CLASSIFICATION NUMBER | |
| Classification number | 485 |
| 100 ## - MAIN ENTRY--PERSONAL NAME | |
| Personal name | Thorat, Ashok |
| 245 ## - TITLE STATEMENT | |
| Title | Enriching oral and written communication in English / |
| Statement of responsibility, etc | by Ashok Thorat [and] Munira Lokhandwala |
| 260 ## - PUBLICATION, DISTRIBUTION, ETC. (IMPRINT) | |
| Place of publication, distribution, etc | Mumbai |
| Name of publisher, distributor, etc | Orient BlackSwan |
| Date of publication, distribution, etc | 2009 |
| 270 ## - ADDRESS | |
| City | Mumbai |
| Postal code | 400001 |
| Address | Kamani Marg,Ballard Estate |
| 300 ## - PHYSICAL DESCRIPTION | |
| Extent | 149p. |
| Dimensions | 23cm (pbk) |
| 650 ## - SUBJECT ADDED ENTRY--TOPICAL TERM | |
| Topical term or geographic name as entry element | English Grammer |
| 700 ## - ADDED ENTRY--PERSONAL NAME | |
| 9 (RLIN) | 10603 |
| Personal name | Lokhandwala, Munira |
| 700 ## - ADDED ENTRY--PERSONAL NAME | |
| 9 (RLIN) | 10604 |
| 942 ## - ADDED ENTRY ELEMENTS (KOHA) | |
| Source of classification or shelving scheme | Dewey Decimal Classification |
| Item type | English Books |
| Classification part | 485 |
| Call number suffix | THO |
| Withdrawn status | Lost status | Not for loan | Collection code | Home library | Current library | Date acquired | Source of acquisition | Cost, normal purchase price | Full call number | Barcode | Copy number | Cost, replacement price | Koha item type |
|---|---|---|---|---|---|---|---|---|---|---|---|---|---|
| Not For Loan | Non-fiction | D.B.Act.Division | D.B.Act.Division | 12/08/2010 | DBAD/PUB | 95.00 | 485 THO | EN-83360 | 1 | 95.00 | English Books |
